| 000 | 00664nam a2200229 a 4500 | ||
|---|---|---|---|
| 008 | |||
| 020 | _a9780240520728 (pbk.) | ||
| 049 | _aMAIN | ||
| 090 |
_aML1092 _bJEN |
||
| 100 | 1 | _aJenkins, Mark. | |
| 245 | 1 | 0 |
_aAnalog synthesizers : _bundestanding,perfoming,buying / _cMark Jenkins. |
| 260 |
_aAmsterdam : _bElservier, _c2007. |
||
| 300 |
_axiv, 322 p. : _bill. ; _c25 cm. |
||
| 504 | _aIncludes bibliographical references. | ||
| 500 | _aIncludes index. | ||
| 650 | 1 | _aAnalogs. | |
| 907 |
_a.b10273396 _b10-03-10 _c18-02-10 |
||
| 003 | |||
| 005 | 20230123125010.0 | ||
| 040 | _cNUST | ||
| 942 |
_cBOOKS _kML1092 _mJEN |
||
| 999 |
_c133945 _d133945 |
||